[Event "Barcelona Sant Marti op-B 16th"]
[Site "Barcelona"]
[Date "2014.07.21"]
[Round "9"]
[White "Trabado Nieto, David"]
[Black "Marquez Ramos, Ingrid"]
[Result "1-0"]
[WhiteElo "1700"]
[BlackElo "1700"]
[PlyCount "49"]
[EventDate "2014.07.13"]
[EventType "swiss"]
[EventRounds "9"]
[EventCountry "ESP"]
[SourceTitle "CBM 161 Extra"]
[Source "ChessBase"]
[SourceDate "2014.08.29"]
[SourceVersion "1"]
[SourceVersionDate "2014.08.29"]
[SourceQuality "1"]

1. d4 d5 2. c4 Nf6 3. cxd5 e6 4. Qa4+ Qd7 5. Qxd7+ Bxd7 6. d6 cxd6 7. Nc3 d5 8. Bf4 Nc6 9. Nf3 Be7 10. e3 0-0 11. Bb5 Rac8 12. 0-0 Nh5 13. Rac1 a6 14. Bxc6 bxc6 15. Na4 c5 16. Nxc5 Bb5 17. Nd7 Bxd7 18. Ne5 Rcd8 19. Rc7 Bd6 20. Rxd7 Rb8 21. Nc6 Rxb2 22. Bxd6 Rc8 23. Ne7+ Kf8 24. Nxc8+ Kg8 25. Rd8# 1-0

[Event "Barcelona Sant Marti op-B 16th"]
[Site "Barcelona"]
[Date "2014.07.17"]
[Round "5"]
[White "Marquez Ramos, Ingrid"]
[Black "Bernat Mor, Juli"]
[Result "0-1"]
[WhiteElo "1700"]
[BlackElo "1700"]
[PlyCount "52"]
[EventDate "2014.07.13"]
[EventType "swiss"]
[EventRounds "9"]
[EventCountry "ESP"]
[SourceTitle "CBM 161 Extra"]
[Source "ChessBase"]
[SourceDate "2014.08.29"]
[SourceVersion "1"]
[SourceVersionDate "2014.08.29"]
[SourceQuality "1"]

1. d3 d5 2. Nc3 c6 3. Bf4 Nf6 4. Nf3 Nbd7 5. Qd2 Qb6 6. e3 e6 7. d4 Be7 8. 0-0-0 0-0 9. h4 a5 10. h5 h6 11. Na4 Qd8 12. c3 b5 13. Nc5 Nxc5 14. dxc5 Ba6 15. Bd3 Re8 16. Bc2 Bxc5 17. Qd3 b4 18. c4 Bxc4 19. Qd2 a4 20. Ne5 Qc8 21. b3 axb3 22. axb3 Bb5 23. Nd3 Ne4 24. Qe2 Nc3 25. Qg4 f5 26. Qf3 Nxd1 0-1

[Event "Barcelona Sant Marti op-B 16th"]
[Site "Barcelona"]
[Date "2014.07.16"]
[Round "4"]
[White "Marquez Ramos, Ingrid"]
[Black "Garcia Extremera, Manuel"]
[Result "0-1"]
[WhiteElo "1700"]
[BlackElo "1759"]
[PlyCount "48"]
[EventDate "2014.07.13"]
[EventType "swiss"]
[EventRounds "9"]
[EventCountry "ESP"]
[SourceTitle "CBM 161 Extra"]
[Source "ChessBase"]
[SourceDate "2014.08.29"]
[SourceVersion "1"]
[SourceVersionDate "2014.08.29"]
[SourceQuality "1"]

1. d4 d5 2. Nc3 Nf6 3. e3 Bf5 4. Nf3 Nc6 5. Bb5 Bd7 6. 0-0 a6 7. Ba4 e6 8. Bd2 Bd6 9. Re1 0-0 10. e4 dxe4 11. Nxe4 Nxe4 12. Rxe4 b5 13. Bb3 Ne7 14. h3 f5 15. Rh4 Ng6 16. Rh5 Nf4 17. g4 Nxh5 18. gxh5 h6 19. d5 e5 20. Qe2 e4 21. Nd4 Qh4 22. Be3 Qxh3 23. Qf3 exf3 24. c3 Qg2# 0-1